LEADER 01166nam a2200325 i 4500 001 991001243339707536 005 20020507185901.0 008 940707s1983 us ||| | eng 020 $a0444006664 035 $ab10820589-39ule_inst 035 $aLE01309252$9ExL 040 $aDip.to Matematica$beng 082 0 $a514.32 084 $aAMS 54E99 084 $aLC QA611.28.S38 100 1 $aSchweizer, Berthold$0143110 245 10$aProbabilistic metric spaces /$cB. Schweizer, A. Sklar 260 $aNew York ; Amsterdam :$bNorth-Holland,$c1983 300 $axi, 275 p. ;$c23 cm 490 0 $aNorth Holland series in probability and applied mathematics ;$v4 500 $aIncludes index 650 0$aMetric spaces 650 0$aProbabilities 700 1 $aSklar, Abe$eauthor$4http://id.loc.gov/vocabulary/relators/aut$0143111 907 $a.b10820589$b23-02-17$c28-06-02 912 $a991001243339707536 945 $aLE013 54E SCH11 (1983)$g1$i2013000000022$lle013$o-$pE0.00$q-$rn$s- $t1$u5$v0$w5$x0$y.i10927591$z28-06-02 996 $aProbabilistic metric spaces$9434903 997 $aUNISALENTO 998 $ale013$b01-01-94$cm$da $e-$feng$gus $h0$i1 LEADER 01375nas 2200421-a 450 001 9910472521303321 005 20260218112152.0 011 $a2953-299X 035 $a(DE-599)ZDB3167501-3 035 $a(CKB)991042724369566 035 $a(CONSER)---57016777- 035 $a(DE-599)3167501-3 035 $a(EXLCZ)99991042724369566 100 $a20751101b19561972 -h- a 101 0 $aspa 181 $ctxt$2rdacontent 182 $cc$2rdamedia 183 $acr$2rdacarrier 200 10$aAnuario de derecho $eorgano de la Facultad de Derecho Ciencias Políticas /$fUniversidad de Panamá 210 $aPanamá $cLa Universidad$d1956- 215 $a1 online resource 311 08$aPrint version: Anuario de derecho (Panama, Panama : 1956) (DLC) 57016777 (OCoLC)1761829 0553-0814 606 $aLaw$zPanama$vPeriodicals 606 $aLaw$2fast$3(OCoLC)fst00993678 606 $aLAW$2unbist 606 $aPANAMA$2unbist 607 $aPanama$2fast$1https://id.oclc.org/worldcat/entity/E39PBJdx9kJcd7ywkt4hGVxv73 608 $aPeriodicals.$2fast 615 0$aLaw 615 7$aLaw. 615 7$aLAW. 615 7$aPANAMA. 712 02$aUniversidad de Panama?.$bFacultad de Derecho y Ciencias Poli?ticas. 906 $aJOURNAL 912 $a9910472521303321 920 $aexl_impl conversion 996 $aAnuario de derecho$9800486 997 $aUNINA